00326nam a2200097Ia 4500008004100000020001500041100002200056245008700078260004400165300001900209180205s9999 xx 000 0 und d a9712327892 aBascara, Linda R. aWorld literature :ba tertiary textbook for literature II under the new curriculum aRecto Avenue CitybREX publishingc1999 aiii, 249 pages